00294nam a22001097a 4500020001800000082002000018100001900038245007200057260003600129300001100165563000800176 a9789694026602 a923.105491bKHA aKhan, MD Umair aSecular Muslim:bJinnah, his Politics and Pakistan /cMD Umair Khan aLahore:bVanguard Books,c2023. a223 p. aHB.